| 000 | 00484nam a2200181Ia 4500 | ||
|---|---|---|---|
| 001 | 20847 | ||
| 005 | 20260306172835.0 | ||
| 008 | 260306t2025||||xx |||||||||||||| ||spa|| | ||
| 041 | _aESP | ||
| 082 |
_a343.8 _bH46 |
||
| 100 |
_aHerrada Córdova, Marco Antonio, _eAUT |
||
| 245 | 0 | _aGuía de casos prácticos para determinar y declarar el IR 2024 - empresas | |
| 260 | _c2025 | ||
| 300 |
_a141 páginas : _c24 cm. |
||
| 650 | _aGEN | ||
| 654 | _aCDE | ||
| 942 |
_cLIB _dJUS _fJUS _2ddc _n |
||
| 999 |
_c20847 _d20847 |
||